| 000 | 00338nam a22001457a 4500 | ||
|---|---|---|---|
| 003 | OSt | ||
| 005 | 20160727222352.0 | ||
| 008 | 160622b xxu||||| |||| 00| 0 eng d | ||
| 040 | _ctest | ||
| 100 |
_9413 _aSayre, W, W |
||
| 245 | _aFour Against Everest | ||
| 260 |
_aN.Y _bTower _cMCM LXIV |
||
| 300 | _aFour Against Everest | ||
| 942 |
_2ddc _cBK |
||
| 999 |
_c339 _d339 |
||